000 00187 a2200097 4500
020 _a9789871603459
041 _aspa
100 _aRojas, Diego
245 _aUn Pueblo Sequito
942 _cBK
999 _c26677
_d26677